| 000 | 00717nam a2200217 a 4500 | ||
|---|---|---|---|
| 005 | 20250611063910.0 | ||
| 008 | 030516s1999 cl r 000 0 spa d | ||
| 020 | _a9586950166 | ||
| 035 | _aUPN01000124275 | ||
| 049 | _aCG | ||
| 050 | 4 |
_aTK7888.3 _bS5.6 |
|
| 245 | 0 | 0 |
_aSistemas digitales : _belementos para un diseño a alto nivel / _ccomp. Antonio García Rozo ; Wang Jiang Chau ... [et al.]. |
| 260 |
_aSanta Fé de Bogotá : _bUniandes : _bCYTED, _c1999. |
||
| 300 | _a279 p. | ||
| 650 | 2 |
_aELECTRONICA DIGITAL _910610 |
|
| 650 | 2 |
_aComputadoras _97643 |
|
| 650 | 4 |
_aSISTEMAS DE TRANSMISION DE DATOS _915326 |
|
| 700 | 1 |
_aGarcía Rozo, Antonio, _ecomp. |
|
| 700 | 1 |
_aWang, Jiang Chau, _ecoaut. |
|
| 905 | _aLibro | ||
| 999 |
_c96454 _d96454 |
||